• 首页
  • 本馆介绍
  • 公告通知
  • 最新文献
  • 馆藏检索
  • 电子资源
  • 读者导购
  • 参考咨询
  • 我的图书馆
  • 登录
  • 详细信息显示
  • 放入我的书架
  • 预约/预借图书
  • 作者相关作品
  • 分类相关作品
  • 丛书相关作品
  • 出版社相关作品

书目信息

  • 表格格式
  • 工作单格式
  • 卡片格式
题名:
工程热力学精要分析及典型题精解
    
 
作者: 何雅玲 编著
分册:  
出版信息: 西安   西安交通大学出版社  2000.12
页数: 402页
开本: 32开
丛书名: 21世纪大学课程辅导丛书
单 册:
中图分类: TK123
科图分类:
主题词: 热力工程--理论
电子资源:
ISBN: 7-5605-1319-0
000 00689nam0 2200217 45
001 0203201446
005 20031219104053.7
010    @a7-5605-1319-0@dCNY35.00
100    @a20020320d2000 km y0chiy0120 ea
101 0  @achi
105    @a z 000yy
200 1  @a工程热力学精要分析及典型题精解@AGong Cheng Re Li Xue Jing Yao Fen Xi Ji Dian Xing Ti Jing Jie@f何雅玲编著@FHe Ya Ling Bian Zhu
210    @a西安@c西安交通大学出版社@d2000.12
215    @a402页@d32开
225    @a21世纪大学课程辅导丛书
410    @12001 @a21世纪大学课程辅导丛书
606 0  @a热力工程@x理论
690    @aTK123@v4
701    @a何雅玲@4编著
801    @aCN@bTSTC@c20020320
905    @b306483-492@dTK123@e44@f10
    
    工程热力学精要分析及典型题精解/何雅玲编著.-西安:西安交通大学出版社,2000.12
    402页;32开.-(21世纪大学课程辅导丛书)
    
    
    ISBN 7-5605-1319-0:CNY35.00
    
●
相关链接 在E读中查询图书 在五车中查询图书 在当当中查询图书 在豆瓣中查询图书


正题名:工程热力学精要分析及典型题精解     索取号:TK123/44         预约/预借

序号 登录号 条形码 馆藏地/架位号 状态 备注
1 0306483   203064833   密集书库/ [索取号:TK123/44] 在馆    
2 0306484   203064842   密集书库/ [索取号:TK123/44] 在馆    
3 0306485   203064851   第三借阅区/ [索取号:TK123/44] 在馆    
4 0306486   203064860   密集书库/ [索取号:TK123/44] 在馆    
5 0306487   203064879   密集书库/ [索取号:TK123/44] 在馆    
6 0306488   203064888   第三借阅区/ [索取号:TK123/44] 在馆    
7 0306489   203064897   密集书库/ [索取号:TK123/44] 在馆    
8 0306490   203064904   第三借阅区/ [索取号:TK123/44] 在馆    
9 0306491   203064913   第三借阅区/ [索取号:TK123/44] 在馆    
10 0306492   203064922   第二样本阅览室/ [索取号:TK123/44] 在馆    
唐山师范学院图书馆 欢迎您!
大连网信软件有限公司© 版权所有